000 00443nam a2200181Ia 4500
001 13613
005 20260306164814.0
008 260306t2000||||xx |||||||||||||| ||spa||
041 _aESP
082 _a005.1
_bH93A
100 _aHumphrey, Watts S.
_eAUT
245 0 _aIntroduction to the team software process
260 _c2000
300 _axxv, 463 páginas :
_c24 cm.
650 _aGEN
654 _aCCC
942 _cLIB
_dJUS
_fJUS
_2ddc
_n
999 _c13613
_d13613